A hajléktalanság munkaerőpiaci reintegrációja - Két hajléktalanellátó szervezet reintegrációs gyakorlatának tapasztalatain keresztül

Bibliographic Details
Main Author: Horváth Alex Zsolt
Other Authors: Szászvári Dr. Karina Ágnes
Format: Students’ Scientific Association paper
Kulcsszavak:hajléktalanellátás
hajléktalanság
munkaerőpiac
reintegráció
reintegrációs programok
Online Access:http://dolgozattar.uni-bge.hu/60472

MARC

LEADER 00000nta a2200000 i 4500
001 dolg60472
005 20260416073747.0
008 260416suuuu hu o 000 hun d
040 |a BGE Dolgozattár Repozitórium  |b hun 
041 |a hu 
100 1 |a Horváth Alex Zsolt 
245 1 2 |a A hajléktalanság munkaerőpiaci reintegrációja - Két hajléktalanellátó szervezet reintegrációs gyakorlatának tapasztalatain keresztül  |c Horváth Alex Zsolt  |h [elektronikus dokumentum] 
516 |a Students_Scientific_Association_paper 
520 3 |a A HAJLÉKTALANSÁG MUNKAERŐPIACI REINTEGRÁCIÓJA – KÉT HAJLÉKTALANAELLÁTÓ SZERVEZET REINTEGRÁCIÓS GYAKORLATÁNAK TAPASZTALATAIN KERESZTÜLA hajléktalanság a modern társadalom egyik kiemelt figyelmet igénylő problémája, mely egyaránt igényel társadalmi, gazdasági, jogi és pszichológiai fókuszt is. A reintegrációs folyamatokban a munka központi szerepet játszik: a foglalkoztatás lehetősége nem csupán anyagi biztonságot, hanem pszichológiai stabilitást és társadalmi befogadást is elősegíti. Ugyanakkor a munkaerőpiaci beilleszkedés a hajléktalan élethelyzetben élők számára rendszerint nem valósul meg önállóan, külső támogatás nélkül. Magyarországon több, eltérő komplexitású reintegrációs program működik a hajléktalanellátás rendszerén belül, amelyek célja az érintettek társadalmi és munkaerőpiaci visszaintegrálása.Milyen tényezők segítik vagy gátolják a hajléktalanok reintegrációját a sikeresen reintegrálódott hajléktalan személyek és a reintegrációs programokat megvalósító szakemberek tapasztalatai szerint?Jelen kutatás célja a hajléktalan emberek munkaerőpiaci reintegrációjának hatékonysági tényezőinek azonosítása, két hajléktalanellátó szervezet reintegrációs programjának gyakorlatának vizsgálatával.A szekunder adatgyűjtés keretében részletesen bemutatom a munka és a munkaerőpiac fogalmát és szerkezetét, a hajléktalanság jelenségét, kapcsolódó statisztikai mutatóit, továbbá a hazai hajléktalanellátás rendszerét és a reintegráció folyamatát, mindezt a kutatási kérdéssel összefüggésben. Az így feltárt elméleti és empirikus ismeretek megalapozzák az elsődleges adatgyűjtést, amely kvalitatív módszertani keretben valósult meg. A primer kutatás során mélyinterjúkat készítettem egyrészt a vizsgált reintegrációs programok megvalósításában részt vevő szakemberekkel (hatásvizsgálati megközelítésben), másrészt a programokat sikeresen teljesített korábbi ügyfelekkel (attitűdvizsgálati megközelítésben). Az empirikus adatok feldolgozása kódolással és tematikus elemzéssel történt, amely lehetővé tette a főbb mintázatok és összefüggések feltárását.A kutatás eredményei rávilágítanak, hogy a korábban hajléktalan helyzetben élő és rossz körülményeket tapasztaló ügyfelek számára a siker kulcsa a reintegrációs programok rugalmasságában, személyreszabottságában, sokszínű támogatási formáiban, a szociális munkások szoros együttműködésében, emberi és bizalmon alapuló hozzállásában, illetve az ügyfelek belső motivációjában és akaratában rejlik. Ezen tényezők hatására a programokat sikeresen teljesített ügyfelek mára már képesek egy strukturált, önálló életmódot kialakítani és egy bizakodó, stabilitáson alapuló jövőképet kialakítani. 
695 |a hajléktalanellátás 
695 |a hajléktalanság 
695 |a munkaerőpiac 
695 |a reintegráció 
695 |a reintegrációs programok 
700 1 |a Szászvári Dr. Karina Ágnes  |e ths 
856 4 0 |u http://dolgozattar.uni-bge.hu/60472/1/HAZs_TDK25.pdf  |z Dokumentum-elérés 
856 4 0 |u http://dolgozattar.uni-bge.hu/60472/2/HAZs_TDK2025_Resume.docx  |z Dokumentum-elérés 
856 4 0 |u http://dolgozattar.uni-bge.hu/60472/3/HAZs_TDK2025_Resume.pdf  |z Dokumentum-elérés 
856 4 0 |u http://dolgozattar.uni-bge.hu/60472/4/horv%C3%A1th%20Alex_Dolgozat_biralati_lap.pdf  |z Dokumentum-elérés 
856 4 0 |u http://dolgozattar.uni-bge.hu/60472/5/TDK_Biralat_HAZ.pdf  |z Dokumentum-elérés